03791nab a2200265 i 4500003000900000005001700009008004100026040001800067072000800085100003000093100004700123100002900170245012700199500007600326520143800402520115301840650003502993650001703028650001303045650002503058773032803083856007903411942001603490999001903506BR-BrBNA20231207124721.0231207b2018 bl.qr|pooa||| 00| 0 por | aBR-BrBNAbpor aP34 aSantos, Renata Soares dos aBarreto-Garcia, Patricia Anjos Bittencourt aScoriza, Rafael Nogueira aFungos micorrízicos arbusculares e serapilheira como indicadores do efeito de borda em fragmento de floresta estacional  aPublicação on-line; 49 ref.; 5 tables; 1 illus.; Summaries (En, Pt) a RESUMO As atividades humanas causadoras de desmatamentos favorecem a fragmentação e a formação de bordas na floresta, modificando as características bióticas e abióticas do ecossistema, o que pode ser avaliado através de indicadores do solo. Com isso, o objetivo deste estudo foi avaliar o estoque de serapilheira e a comunidade de fungos micorrízicos arbusculares (FMA) como indicadores do efeito de borda em um fragmento de Floresta Estacional em Vitória da Conquista, Bahia. Foram realizadas amostragens ao final de cada estação do ano. Para isso, foram delimitadas quatro faixas na direção borda-matriz (borda – 0-10 m, faixa 1 – 40-50 m, faixa 2 – 80-90 m e interior – 400 m). A serapilheira acumulada (quatro repetições por faixa) foi coletada com o auxílio de um gabarito de madeira (área 0,25 m2 ). Nos mesmos pontos em que se coletou a serapilheira foram coletadas amostras de solo (camada 0-5 cm) para extração dos esporos de fungos micorrízicos. O efeito de borda em fragmentos de Floresta Estacional Semidecidual pode alterar o estoque de serapilheira com redução de massa nos locais mais próximos da borda. A comunidade de fungos micorrízicos arbusculares apresentou a ocorrência de espécies exclusivas em determinadas faixas no gradiente borda-interior do fragmento. Palavras-chave: fragmentação; fitomassa acumulada; sazonalidade; comunidade de FMA. a ABSTRACT Deforestation causes the formation of forest fragments and edges, changing the biotic and abiotic conditions of a forest ecosystem. The edge effects in a forest can be assessed by soil indicators. The objective of this study was to evaluate the litter stock and arbuscular mycorrhizal fungal community as edge effect indicators in a fragment of a seasonal forest in Vitória da Conquista, Bahia state. Sampling was carried out at the end of each season. Four sampling ranges were established in the edge-interior direction (edge: 0–10 m, range 1: 40–50 m, range 2: 80–90 m, and interior: 400 m). The accumulated litter was collected four times using a wooden template (area 0.25 m2). The soil samples (layer 0–5 cm) for extracting the spores of mycorrhizal fungi were collected from the same litter collection areas. The edge effect in areas of a seasonal forest can change the litter stock, showing a mass reduction closer to the edge. The community of mycorrhizal fungi shows the occurrence of unique species in the gradient of edge-interior fragment. Keywords: fragmentation; biomass accumulated; seasonality; community AMF. aMICORRIZA VESICULAR ARBUSCULAR aSERAPILHEIRA aFLORESTA aVARIAÇÃO SAZONAL0 040659198128dSanta Maria-RS Universidade Federal de Santa Maria - Centro de Pesquisas Florestais.Departamento de Ciências Florestais. Programa de Pós-Graduação em Engenharia Florestal 1991o2023-437009tCiência Florestal (Brazil)x0103-9954; 1980-5098 (on-line)gv. 28(1) p. 324-335; (Jan-Mar 2018)wBR2023001444 uhttps://www.scielo.br/j/cflo/a/T5L6hG3JghWzzKc6RdDwTkm/?format=pdf&lang=pt cAnalítica c259896d259896